Top 15 Celebrities Born In 1991 - Statistics

General Stats
  • This quiz has been taken 196 times
    169 since last reset
  • The average score is 6 of 15
Answer Stats
Picture Answer % Correct
Ed Sheeran
95%
Charlie Puth
51%
Emma Roberts
50%
Travis Scott
48%
Louis Tomlinson
46%
Jamie Lynn Spears
45%
Austin Butler
43%
Anne Marie
38%
Ninja
35%
Bonnie Wright
32%
Dylan O'Brien
32%
DaBaby
19%
DanTDM
18%
Azzyland
12%
Rachel Ballinger
3%
No matching quizzes found
Score Distribution
Percent of People with Each Score
Percentile by Number Answered
Your Score History
You have not taken this quiz since the last reset